Writers by their works - novels #3, mystery and crime - Statistics

General Stats
  • This quiz has been taken 63 times
  • The average score is 6 of 15
Answer Stats
Hint Answer % Correct
The Murder of Roger Ackroyd Agatha Christie
80%
Rebecca Daphne du Maurier
80%
A Study in Scarlet Sir Arthur Conan Doyle
78%
The Name of the Rose Umberto Eco
75%
Tinker, Tailor, Soldier, Spy John le Carré
59%
The Big Sleep Raymond Chandler
59%
The Curious Incident of the Dog in the Night-Time Mark Haddon
41%
The Woman in White Wilkie Collins
35%
The Thin Man Dashiell Hammett
33%
Gone Girl Gillian Flynn
29%
The Postman Always Rings Twice James M Cain
25%
Cotton Comes to Harlem Chester Himes
10%
In a Lonely Place Dorothy B. Hughes
8%
Anatomy of a Murder Robert Traver
8%
Black Money Ross Macdonald
4%
No matching quizzes found
Score Distribution
Percent of People with Each Score
Percentile by Number Answered
Your Score History
You have not taken this quiz